000 00481nam a2200169 i 4500
001 65387
003 ES-MaACL
005 20230906165347.0
007 t|
008 040112s1972 sp ||||1| spa d
100 1 _aFrançon, Maurice.
_952284
245 1 0 _aHolografía /
_cM. Françon ; [traducción de Diego Tinaut].
260 _aMadrid :
_bParaninfo,
_c1972.
300 _a162 p. :
_bil. ;
_c22 cm.
700 1 _aTinaut, Diego.
_9110301
852 _aES-MaACL
_jC-43372
_bR.83217
999 _c65387
_d65387